000 00541nam a2200181Ia 4500
008 240925s9999 xx 000 0 und d
020 _a805347852
082 _a006.3 LUG
100 _aLuger ,George F.
245 0 _aArtificial Intelligence: Structures and Strategies for Complex Problem Solving
250 _a2nd
260 _aNew York:
_bAddison Wesley
_c,1998.
300 _axxiv,824p.
_bNA
_fPirated
500 _aIncludes Index
600 _aComputer Science
650 _aComputer science, information & general works
942 _cBK
999 _c4228
_d4228